Tune.

Bibliographic Details
Main Author: Holst, Imogen, 1907-1984
Format: Book
Language:English
Published: New York : October House, [1966]
Subjects:

MARC

Tag First Indicator Second Indicator Subfields
LEADER 00000cam a2200000 4500
001 in00000035565
005 20151007062036.0
008 800701c19661962nyug 00000 eng
010 |a  66023102  
035 |a (OCoLC)06473599 
035 |9 AAD3814AM 
040 |a DLC  |c TXA  |d UtOrBLW 
049 |a TXAM  |c [474586] 
050 0 |a ML440  |b .H64 1966 
082 0 |a 781.4 
092 |a 781.4  |b H756t 
100 1 |a Holst, Imogen,  |d 1907-1984. 
245 1 0 |a Tune. 
264 1 |a New York :  |b October House,  |c [1966] 
264 4 |c [©1962] 
300 |a 180 pages :  |b music. ;  |c 22 cm. 
336 |a text  |b txt  |2 rdacontent 
337 |a unmediated  |b n  |2 rdamedia 
338 |a volume  |b nc  |2 rdacarrier 
650 0 |a Melody. 
999 |a MARS 
999 f f |s 23fa2d2c-9b64-307d-a74e-914975fa4636  |i 029e0eba-e519-336a-99c0-da9a6152c7a8  |t 0 
952 f f |p ric  |a Texas A&M University  |b Rellis Campus  |c Joint Library Facility  |d Remote Storage  |t 0  |e ML440 .H64 1966  |h Library of Congress classification  |i unmediated -- volume  |m A14801169618 
998 f f |a ML440 .H64 1966  |t 0  |l Remote Storage